000 00197nam a22000857a 4500
999 _c11738
_d11738
008 200113b ||||| |||| 00| 0 eng d
020 _a870441442
100 _aRobert
_97426
245 _aHow Animals Hide